000 00345nam a2200133Ia 4500
005 20260326235438.0
008 260326s9999||||xx |||||||||||||| ||und||
100 _aBethancourt, Maritza
245 0 _aLos pueblos más bellos Cuba /
_cMaritza Bethancourt
260 _bGrafysur
300 _a197 p.
650 _aARQUITECTURA REGIONAL
942 _cBK
999 _c7292
_d7292